• 首页
  • 本馆介绍
  • 公告通知
  • 最新文献
  • 馆藏检索
  • 电子资源
  • 读者导购
  • 参考咨询
  • 我的图书馆
  • 登录
  • 详细信息显示
  • 放入我的书架
  • 预约/预借图书
  • 作者相关作品
  • 分类相关作品
  • 丛书相关作品
  • 出版社相关作品

书目信息

  • 表格格式
  • 工作单格式
  • 卡片格式
题名:
OP放大器应用技巧100例
    
 
作者: 松井邦彦 著 ;邓学 译
分册:  
出版信息: 北京   科学出版社  2006
页数: 206页
开本: 24cm
丛书名: 图解实用电子技术丛书
单 册:
中图分类: TN722.7
科图分类:
主题词: 运算放大器
电子资源:
ISBN: 978-7-03-016517-6
000 01119oam2 2200289 450
001 012004010109
005 20070805112538.98
009 012004010109
010    @a978-7-03-016517-6@dCNY27.00
035    @a(110017)062002027248
100    @a20060113e20072006em y0chiy0110 ea
101 1  @achi@cjpn
102    @aCN@b110000
105    @aa z 000yy
106    @ar
200 1  @aOP放大器应用技巧100例@AOP fang da qi ying yong ji qiao 100 li@e最佳选择与灵活应用@Ezui jia xuan ze yu ling huo ying yong@f(日)松井邦彦著@F( ri ) song jing bang yan zhu@g邓学译@Gdeng xue yi
210    @a北京@c科学出版社@d2006@h2007重印
215    @a206页@c图@d24cm
225 2  @a图解实用电子技术丛书@Atu jie shi yong dian zi ji shu cong shu
330    @a本书主要介绍OP放大器在电子技术应用领域中100个应用技巧,针对在使用过程中可能出现的问题,结合OP放大器特性,进行简要分析,并给出最终解决的方法。
461  0 @12001 @a图解实用电子技术丛书
606 0  @a运算放大器
690    @aTN722.7@v4
701  0 @c(日)@a松井邦彦@Asong jing bang yan@4著
702  0 @a邓学@Adeng xue@4译
801  0 @aCN@b110017@c20070805
905    @dTN722.7@e253@f5
    
    OP放大器应用技巧100例:最佳选择与灵活应用/(日)松井邦彦著/邓学译.-北京:科学出版社,2006(2007重印)
    206页:图;24cm.-(图解实用电子技术丛书)
    
    
    ISBN 978-7-03-016517-6:CNY27.00
    本书主要介绍OP放大器在电子技术应用领域中100个应用技巧,针对在使用过程中可能出现的问题,结合OP放大器特性,进行简要分析,并给出最终解决的方法。
●
相关链接 在E读中查询图书 在五车中查询图书 在当当中查询图书 在豆瓣中查询图书


正题名:OP放大器应用技巧100例     索取号:TN722.7/253         预约/预借

序号 登录号 条形码 馆藏地/架位号 状态 备注
1 0852437   208524373   第二样本阅览室/ [索取号:TN722.7/253] 在馆    
2 0852438   208524382   第三借阅区/ [索取号:TN722.7/253] 在馆    
3 0852439   208524391   第三借阅区/ [索取号:TN722.7/253] 在馆    
4 0852440   208524408   第三借阅区/ [索取号:TN722.7/253] 在馆    
5 0852441   208524417   第三借阅区/ [索取号:TN722.7/253] 在馆    
唐山师范学院图书馆 欢迎您!
大连网信软件有限公司© 版权所有